[Event "Wch U08"]
[Site "Montesilvano"]
[Date "2024.11.25"]
[Round "10"]
[White "Pera, Mikolaj"]
[Black "Morozov, Arkhip"]
[Result "1/2-1/2"]
[WhiteElo "1446"]
[BlackElo "1687"]
[PlyCount "139"]
[EventDate "2024.11.15"]
[EventType "swiss"]
[EventRounds "11"]
[EventCountry "ITA"]
[SourceTitle "CB48_2024"]
[SourceDate "2024.11.28"]
[SourceVersion "1"]
[SourceVersionDate "2024.11.28"]
[SourceQuality "1"]

1. e4 c5 2. Nf3 Nc6 3. d4 cxd4 4. Nxd4 Nf6 5. Nc3 e6 6. Ndb5 d6 7. Bf4 e5 8. Bg5 a6 9. Na3 b5 10. Nd5 Be7 11. Bxf6 Bxf6 12. c3 Bg5 13. Nc2 0-0 14. Bd3 Kh8 15. 0-0 Ne7 16. Nce3 Nxd5 17. Nxd5 Rb8 18. f4 exf4 19. Nxf4 Bb7 20. Qh5 Bh6 21. Rad1 Qe8 22. Rde1 Rd8 23. Kh1 Qe5 24. Qg4 Rde8 25. Re2 Re7 26. Nd5 Bc8 27. Qf3 Ree8 28. Nc7 Re7 29. Nd5 Re6 30. Qg3 Qxg3 31. hxg3 f6 32. Nb6 Bb7 33. Rfe1 Bc6 34. Nd5 Re5 35. Nc7 Bb7 36. Bc2 Rf7 37. Nd5 g6 38. Nb4 Rfe7 39. Bd3 Kg7 40. Nc2 Re8 41. Nd4 Ba8 42. Kg1 Kf7 43. Nf3 R5e7 44. Nd4 Bb7 45. Nf3 Bc8 46. Kf2 Bg7 47. Nd4 Bb7 48. Nf3 Kg8 49. Kg1 Kf7 50. Nd4 Bh6 51. Nf3 Ba8 52. Kf2 Bg7 53. Kg1 d5 54. exd5 Rxe2 55. Rxe2 Rxe2 56. Bxe2 Bxd5 57. b3 f5 58. c4 bxc4 59. bxc4 Bxf3 60. gxf3 Bd4+ 61. Kg2 Bc5 62. Kh3 Ke6 63. f4 h5 64. Kg2 Kd6 65. Bd1 Bd4 66. Ba4 Ke6 67. Bc6 Kf6 68. Kf3 Bc5 69. Bb7 a5 70. a4 1/2-1/2

[Event "Wch U08"]
[Site "Montesilvano"]
[Date "2024.11.20"]
[Round "6"]
[White "Protopopescu, Luca"]
[Black "Morozov, Arkhip"]
[Result "1-0"]
[WhiteElo "1818"]
[BlackElo "1687"]
[PlyCount "157"]
[EventDate "2024.11.15"]
[EventType "swiss"]
[EventRounds "11"]
[EventCountry "ITA"]
[SourceTitle "CB48_2024"]
[SourceDate "2024.11.28"]
[SourceVersion "1"]
[SourceVersionDate "2024.11.28"]
[SourceQuality "1"]

1. e4 c5 2. Nf3 Nc6 3. Be2 d6 4. 0-0 g6 5. d3 Bg7 6. c3 Nf6 7. Be3 0-0 8. Na3 Rb8 9. Qd2 Ng4 10. Bg5 b5 11. h3 Nf6 12. Bh6 e6 13. Nc2 Re8 14. Bxg7 Kxg7 15. a4 a6 16. axb5 axb5 17. Qe3 b4 18. Rfb1 bxc3 19. bxc3 Rxb1+ 20. Rxb1 Qa5 21. Qd2 Re7 22. Ne3 Rb7 23. Rxb7 Bxb7 24. Nc4 Qc7 25. Qf4 e5 26. Qg5 h6 27. Qh4 Nd8 28. Nh2 Ne6 29. Ng4 Nxg4 30. Qxg4 Bc8 31. Bf1 Ba6 32. Ne3 Qd8 33. g3 Bc8 34. Qd1 Qa5 35. Qb3 Ba6 36. Qb8 Qd8 37. Qa7 Bb5 38. Qb7 Be8 39. Nc4 Kf8 40. h4 Nc7 41. Qb6 Ke7 42. d4 cxd4 43. cxd4 f6 44. dxe5 dxe5 45. Qc5+ Kf7 46. Nd6+ Kf8 47. Nb5+ Qe7 48. Qxe7+ Kxe7 49. Nxc7 Bc6 50. Nd5+ Ke6 51. Bc4 Be8 52. Nc7+ Ke7 53. Nxe8 Kxe8 54. h5 gxh5 55. Be2 h4 56. gxh4 Kf7 57. Bg4 Kg6 58. Kf1 Kf7 59. Ke2 Ke7 60. Bf5 Kd6 61. Kf3 Ke7 62. Kg4 Kf7 63. Kh5 Kg7 64. f3 Kf7 65. Kxh6 Kf8 66. Kg6 Kg8 67. Kxf6 Kh8 68. Kxe5 Kg7 69. Kd6 Kf6 70. e5+ Kxf5 71. e6 Kf4 72. e7 Kxf3 73. e8Q Kg4 74. h5 Kf4 75. h6 Kf3 76. h7 Kf4 77. h8Q Kf3 78. Qh3+ Kf2 79. Qee3# 1-0

[Event "Wch U08"]
[Site "Montesilvano"]
[Date "2024.11.18"]
[Round "4"]
[White "Morozov, Arkhip"]
[Black "Badescu, Matei Andrei"]
[Result "1-0"]
[WhiteElo "1687"]
[BlackElo "1829"]
[PlyCount "97"]
[EventDate "2024.11.15"]
[EventType "swiss"]
[EventRounds "11"]
[EventCountry "ITA"]
[SourceTitle "CB48_2024"]
[SourceDate "2024.11.28"]
[SourceVersion "1"]
[SourceVersionDate "2024.11.28"]
[SourceQuality "1"]

1. e4 c5 2. Nf3 d6 3. d4 cxd4 4. Nxd4 Nf6 5. Nc3 a6 6. f4 e5 7. Nf3 Nbd7 8. Qe2 b5 9. Bd2 Bb7 10. 0-0-0 Rc8 11. Nd5 Rc4 12. Nxf6+ gxf6 13. Qf2 Rc8 14. Bd3 Nc5 15. Qe2 Nxd3+ 16. Qxd3 Rc4 17. Rhe1 Qa8 18. c3 Bxe4 19. Qe2 Be7 20. b3 d5 21. Kb2 Rc8 22. fxe5 fxe5 23. Nxe5 b4 24. Qf2 f6 25. Nf3 f5 26. Nd4 bxc3+ 27. Bxc3 Qa7 28. Qd2 Rg8 29. g3 Bg5 30. Qe2 Bf6 31. Qh5+ Rg6 32. Qxf5 Qc5 33. Rxe4+ dxe4 34. Qxe4+ Qe7 35. Qf3 Qc5 36. Qe2+ Kf7 37. Qe6+ Kf8 38. Qe1 Qe5 39. Qd2 Rg4 40. Re1 Rxd4 41. Qh6+ Bg7 42. Rxe5 Bxh6 43. Bxd4 Rd8 44. Bc3 Kf7 45. Rf5+ Kg6 46. Rf6+ Kh5 47. g4+ Kg5 48. Rxa6 Rf8 49. Bd2+ 1-0

[Event "Wch U08"]
[Site "Montesilvano"]
[Date "2024.11.17"]
[Round "3"]
[White "Morozov, Arkhip"]
[Black "Kavish Palaniappan, K."]
[Result "1-0"]
[WhiteElo "1687"]
[BlackElo "1589"]
[PlyCount "81"]
[EventDate "2024.11.15"]
[EventType "swiss"]
[EventRounds "11"]
[EventCountry "ITA"]
[SourceTitle "CB48_2024"]
[SourceDate "2024.11.28"]
[SourceVersion "1"]
[SourceVersionDate "2024.11.28"]
[SourceQuality "1"]

1. c4 Nf6 2. Nc3 e6 3. e4 e5 4. g3 Nc6 5. Bg2 Bc5 6. h3 d6 7. Nge2 Be6 8. d3 0-0 9. 0-0 Nd7 10. Kh2 f5 11. f4 Qe8 12. exf5 Bxf5 13. Nd5 Qd8 14. g4 Be6 15. f5 Bxd5 16. Bxd5+ Kh8 17. g5 Nd4 18. Nxd4 exd4 19. Be4 Ne5 20. Qh5 g6 21. fxg6 Qe7 22. Bf4 Rae8 23. Bxe5+ Qxe5+ 24. Kg2 Qg7 25. Rf6 d5 26. cxd5 Be7 27. Raf1 Bxf6 28. gxf6 Rxf6 29. Rxf6 Re7 30. Qf5 hxg6 31. Rf8+ Kh7 32. Qh5+ Qh6 33. Rh8+ Kxh8 34. Qxh6+ Kg8 35. Bxg6 Re2+ 36. Kf1 Re7 37. Qg5 Kf8 38. Qf6+ Kg8 39. Qxe7 b5 40. Qf7+ Kh8 41. Qh7# 1-0

[Event "Wch U08"]
[Site "Montesilvano"]
[Date "2024.11.15"]
[Round "1"]
[White "Morozov, Arkhip"]
[Black "Kuncoro, Harvey"]
[Result "1-0"]
[WhiteElo "1687"]
[BlackElo "1432"]
[PlyCount "145"]
[EventDate "2024.11.15"]
[EventType "swiss"]
[EventRounds "11"]
[EventCountry "ITA"]
[SourceTitle "CB48_2024"]
[SourceDate "2024.11.28"]
[SourceVersion "1"]
[SourceVersionDate "2024.11.28"]
[SourceQuality "1"]

1. e4 c5 2. Nf3 Nc6 3. Nc3 g6 4. g3 Bg7 5. Bg2 d6 6. 0-0 Nf6 7. d3 0-0 8. h3 a6 9. a4 Qa5 10. Be3 e6 11. Nd2 Qd8 12. f4 b6 13. e5 Bb7 14. exf6 Qxf6 15. Nf3 d5 16. Bf2 Rfe8 17. Re1 Nb4 18. Ne5 Nc6 19. Qd2 Qd8 20. Rad1 f6 21. Nxc6 Bxc6 22. a5 Rc8 23. axb6 Qxb6 24. b3 Rcd8 25. d4 Qc7 26. dxc5 Bf8 27. Qd3 Qa7 28. Qd4 Bg7 29. Qb4 a5 30. Qb6 Qxb6 31. cxb6 Bf8 32. Ne2 a4 33. Nd4 Bd7 34. bxa4 Bb4 35. Re2 Bxa4 36. Rxe6 Rxe6 37. Nxe6 Bxc2 38. Nxd8 Bxd1 39. b7 Bd6 40. Bxd5+ Kf8 41. Nc6 Ke8 42. b8Q+ Bxb8 43. Nxb8 Kd8 44. Nc6+ Kd7 45. Bc5 Ba4 46. Nd4 Kc7 47. Bc6 Bxc6 48. Nxc6 Kxc6 49. Bd4 f5 50. Kf2 Kd5 51. Ke3 Kc4 52. Be5 Kd5 53. Kd3 Kc5 54. g4 Kd5 55. gxf5 gxf5 56. Ke3 Kc4 57. Kf3 Kd3 58. Kg3 Ke3 59. Kh4 Kf3 60. Kg5 Kg3 61. Kxf5 Kxh3 62. Ke6 Kg4 63. f5 h5 64. f6 Kg5 65. f7 h4 66. Bf6+ Kg6 67. Bxh4 Kh7 68. f8Q Kg6 69. Qf5+ Kg7 70. Qf6+ Kh7 71. Bg5 Kg8 72. Qf7+ Kh8 73. Bf6# 1-0